LDR 00889naa#a2200169#i#450# 001 RU\\bibl\120759 005 20260429231950.3 011 ## _a2687-0185 100 ## _a20250212b2025####ek#y0rusy0150####ca 102 ## _aRU 200 1# _aИнтеллектуальная репатриация как фактор технологического суверенитета России _eЖурнальная статья 210 1# _aМосква _cМосковский университет МВД России имени В.Я. Кикотя _d2025 215 ## _a8 с. 608 ## _aЖурнальная статья _2local 675 ## _aПраво. Юридические науки. 34 _aГосударственное право. Конституционное право. Административное право. 342 _z 700 #1 _aТрунов _gИгорь Леонидович 856 4# _amosumvd.editorum.ru _u